| 000 | 00458nam a2200169Ia 4500 | ||
|---|---|---|---|
| 003 | LK-CoDNM | ||
| 005 | 20240314133654.0 | ||
| 008 | 010623t1897 xxu||||| |||| 00| 1 sin d | ||
| 040 |
_aLK-CoDNM _dLK-CoDNM _eLK-CoDNM |
||
| 041 | _asin | ||
| 080 | _a104 EE32 | ||
| 245 | _aකපිලවස්තු අලංකාරය | ||
| 246 | _aKapilavasthu Alankaaraya | ||
| 260 |
_bP.P.Jayawardhana _aColombo _c1897 |
||
| 300 |
_bDamaged _a20p.,18 cm |
||
| 942 | _cBK | ||
| 999 |
_c84503 _d84503 |
||